| 000 | 00649nam a2200121Ia 4500 | ||
|---|---|---|---|
| 008 | 171212s9999 xx 000 0 und d | ||
| 100 | _aBakker, Matt | ||
| 245 |
_cBakker, Matt _aMigrating into Financial Markets _bHow Remittances Became a Development Tool |
||
| 260 |
_bUniversity of California Press _c2015 |
||
| 650 | _aBusiness | ||
| 650 | _aEmigrant remittances; Emigration and immigration -- Economic aspects; Emigrant remittances -- Mexico; Emigrant remittances -- North America; Economic development; Economic development -- Mexico; Mexico Emigration and immigration -- Economic aspects | ||
| 856 | _uhttp://jstor.org/stable/10.1525/j.ctt1ffjncm | ||
| 999 |
_c352976 _d352976 |
||